Az államalkotó szerződések (belső államszerződések) jogi természet a magyar közjogban II.
Elmentve itt :
| Szerző: | |
|---|---|
| Adatforrás: | Philobibl |
| Forrásdokumentuma: | Athenaeum 1902/3 344-360. p. |
| Dokumentumtípus: | Cikk |
| Nyelv: | magyar |
| LEADER | 00342nab a2200097 c 4500 | ||
|---|---|---|---|
| 001 | bibDOK00012978 | ||
| 005 | 20200924120816.9 | ||
| 008 | 060518s1902 xx hun | ||
| 100 | 1 | |a Polner Ödön | |
| 245 | 1 | 3 | |a Az államalkotó szerződések (belső államszerződések) jogi természet a magyar közjogban II. |c Polner Ödön |
| 773 | 0 | |t Athenaeum 1902/3 |g 344-360. p. | |